Desigualdades : Lecciones Populares de Matemáticas.

Bibliographic Details
Main Author: Korovkin, P. P
Format: Section = Libro
Language:Undetermined
Spanish
Published: URSS Mir Moscú 1974
Subjects:
LEADER 00475nam a2200181Ia 4500
008 240830s9999 xx 000 0 und d
040 |a B-ESTELÍ- RUACS / 510 K84 
041 |a spa 
082 |a 510 K84 
100 1 |a Korovkin, P. P 
245 1 0 |a Desigualdades : Lecciones Populares de Matemáticas. 
260 |a URSS  |b Mir Moscú  |c 1974 
300 |a 71 p:il 
650 7 |a DESIGUALDADES 
650 7 |b  PARTE ENTERA DE UN NÚMERO 
942 |c BK  |2 ddc 
991 |a TEXTO 
999 |c 10887